000 00708nam a2200289Ia 4500
005 20260324134357.0
008 008 260324s9999 xx 000 0 eng d
020 _a9781315195162
037 _aEBOOK
040 _aCRL
040 _beng
040 _cCRL
041 _2eng
041 _aeng
084 _qCRL
100 _aKjell Engelbrekt
_91196587
245 0 _aSecurity Policy Reorientation in Peripheral Europe
245 2 _bA Comparative-Perspectivist Approach
260 _bTaylor and Francis
260 _c2002
365 _a
365 _b180
856 _uhttp://www.taylorfrancis.com/books/9781315195162
942 _cEBOOK
999 _c1796623
_d1796623